| 000 | 00710nam a2200229 a 4500 | ||
|---|---|---|---|
| 005 | 20210219153005.0 | ||
| 008 | 991125n 000 0 spa u | ||
| 035 | _aUPN01000071700 | ||
| 100 | 1 | _aTavera Fenollosa, Ligia | |
| 222 | 0 | _aPERFILES LATINOAMERICANOS | |
| 245 | 0 | 0 | _aDesafiando las bases simbólicas de la exclusión : movimientos sociales y sociedad civil |
| 260 | _aMéxico | ||
| 300 | _a129-148 | ||
| 362 | 0 | _a1999 Volumen 8, número 14, junio | |
| 653 | 0 | _aMOVIMIENTOS SOCIALES | |
| 653 | 0 | _aEXCLUSION SOCIAL | |
| 653 | 0 | _aDAMNIFICADOS DE 1985 | |
| 653 | 0 | _aTERREMOTO DE 1985 | |
| 856 | 4 | _uhttp://www.redalyc.org/articulo.oa?id=11501407 | |
| 904 |
_aAC _b009511 |
||
| 905 | _aArticulo | ||
| 999 |
_c65672 _d65672 |
||